ბათუმის შოთა რუსთაველის სახელმწიფო უნივერსიტეტის ბიბლიოთეკა

Тарифно-квалификационный характеристики по должностям служащих (ბიბ.ჩანაწერი № 37067)

000 -LEADER
fixed length control field 00714nam a2200217Ia 4500
001 - CONTROL NUMBER
control field 3021
003 - CONTROL NUMBER IDENTIFIER
control field GE_BSU
008 - FIXED-LENGTH DATA ELEMENTS--GENERAL INFORMATION
fixed length control field 181216s||||||||xx |||||||||||||| ||und||
020 ## - INTERNATIONAL STANDARD BOOK NUMBER
International Standard Book Number 5862254021
040 ## - CATALOGING SOURCE
Transcribing agency GE_BSU
080 ## - UNIVERSAL DECIMAL CLASSIFICATION NUMBER
Universal Decimal Classification number 331.021.811
245 ## - TITLE STATEMENT
Title Тарифно-квалификационный характеристики по должностям служащих
245 ## - TITLE STATEMENT
Statement of responsibility, etc. Корректор В.Ю. Елгазина
260 ## - PUBLICATION, DISTRIBUTION, ETC.
Place of publication, distribution, etc. Москва
260 ## - PUBLICATION, DISTRIBUTION, ETC.
Name of publisher, distributor, etc. ИНФРА-М
260 ## - PUBLICATION, DISTRIBUTION, ETC.
Date of publication, distribution, etc. 1997
300 ## - PHYSICAL DESCRIPTION
Extent 108 с. 20 см.
653 ## - INDEX TERM--UNCONTROLLED
Uncontrolled term Тарифно-квалификационный характеристики по должностям служащих
942 ## - ADDED ENTRY ELEMENTS (KOHA)
Koha item type წიგნი
ეგზემპლარები
Withdrawn status Lost status Damaged status Not for loan Date acquired Barcode Date last seen Price effective from Koha item type Public note
        2018-12-17 7987 2018-12-17 2018-12-17 წიგნი დარბაზი
        2018-12-17 7988 2018-12-17 2018-12-17 წიგნი დარბაზი
        2018-12-17 8030 2018-12-17 2018-12-17 წიგნი დარბაზი